Eastern Utah Libraries Catalog: Duchesne, Heber, Roosevelt, & Vernal

Deep freeze (Record no. 224623)

MARC details
000 -LEADER
fixed length control field 03119cim a2200757Ii 4500
001 - CONTROL NUMBER
control field 2617112
005 - DATE AND TIME OF LATEST TRANSACTION
control field 20211004151531.0
007 - PHYSICAL DESCRIPTION FIXED FIELD--GENERAL INFORMATION
fixed length control field sd fungnnmmnud
008 - FIXED-LENGTH DATA ELEMENTS--GENERAL INFORMATION
fixed length control field 170711p20172017nyunnnne f n eng d
020 ## - INTERNATIONAL STANDARD BOOK NUMBER
International Standard Book Number 9780525497349
Terms of availability 3999
024 1# - OTHER STANDARD IDENTIFIER
Standard number or code 9780525497349
028 01 - PUBLISHER NUMBER
Publisher number PRHA 6913
Source Penguin Random House Audio
035 ## - SYSTEM CONTROL NUMBER
System control number (OCoLC)993439676
Canceled/invalid control number (OCoLC)969827036
-- (OCoLC)1008914886
-- (OCoLC)1008915404
035 ## - SYSTEM CONTROL NUMBER
System control number (OCoLC)ocn993439676
037 ## - SOURCE OF ACQUISITION
Stock number 60c8zu
Source of stock number/acquisition Blackstone Publishing
037 ## - SOURCE OF ACQUISITION
Stock number 40c8zu
Source of stock number/acquisition Blackstone Publishing
040 ## - CATALOGING SOURCE
Original cataloging agency BLACP
Language of cataloging eng
Description conventions rda
Transcribing agency BLACP
Modifying agency OCLCF
-- OQX
-- TEF
-- WYZ
-- GK8
-- IEP
-- IUK
-- NZD
-- ZGR
-- JOY
-- FIC
-- VP@
-- BTCTA
-- BDX
-- TEFBT
-- OV7
-- T7R
-- WIMVL
-- T3S
-- JTH
-- TOH
-- EYP
-- OCL
043 ## - GEOGRAPHIC AREA CODE
Geographic area code n-us-mn
050 #4 - LIBRARY OF CONGRESS CALL NUMBER
Classification number PS3569.A516
Item number D44 2017ab
082 04 - DEWEY DECIMAL CLASSIFICATION NUMBER
Classification number 813/.6
Edition number 23
092 ## - LOCALLY ASSIGNED DEWEY CALL NUMBER (OCLC)
Classification number F
999 ## - SYSTEM CONTROL NUMBERS (KOHA)
Koha Dewey Subclass [OBSOLETE] F
100 1# - MAIN ENTRY--PERSONAL NAME
Personal name Sandford, John,
Dates associated with a name 1944-
Relator term author.
9 (RLIN) 5816563
245 10 - TITLE STATEMENT
Title Deep freeze
Medium [sound recording] /
Statement of responsibility, etc John Sandford.
250 ## - EDITION STATEMENT
Edition statement Unabridged.
264 #1 - Production, Publication, Distribution, Manufacture, and Copyright Notice.
Place of production, publication, distribution, manufacture New York :
Name of producer, publisher, distributor, manufacturer Penguin Audio ;
Place of production, publication, distribution, manufacture [Westminister, Maryland] :
Name of producer, publisher, distributor, manufacturer Books on Tape,
Date of production, publication, distribution, manufacture, or copyr [2017]
264 #4 - Production, Publication, Distribution, Manufacture, and Copyright Notice.
Date of production, publication, distribution, manufacture, or copyr ℗2017
300 ## - PHYSICAL DESCRIPTION
Extent 8 audio discs (10 hr.) ;
Dimensions 4 3/4 inches.
306 ## - PLAYING TIME
Playing time 100000
336 ## - Content Type
Content type term spoken word
337 ## - Media type
Media type term audio
338 ## - Carrier type
Carrier type term audio disc
490 1# - SERIES STATEMENT
Series statement A Virgil Flowers novel ;
Volume number/sequential designation bk.10
500 ## - GENERAL NOTE
General note Title from disc label.
511 0# - PARTICIPANT OR PERFORMER NOTE
Participant or performer note Read by Eric Conger.
520 ## - SUMMARY, ETC.
Summary, etc When a woman from a community where he exposed school-board corruption years earlier is found dead, Virgil Flowers identifies clues linking the case to a 20-year high school reunion and its related traumas, dramas and rivalries.
650 #0 - SUBJECT ADDED ENTRY--TOPICAL TERM
Topical term or geographic name as entry element Flowers, Virgil (Fictitious character)
Form subdivision Fiction.
9 (RLIN) 5736185
650 #0 - SUBJECT ADDED ENTRY--TOPICAL TERM
Topical term or geographic name as entry element Cold cases (Criminal investigation)
Form subdivision Fiction.
9 (RLIN) 5678704
650 #0 - SUBJECT ADDED ENTRY--TOPICAL TERM
Topical term or geographic name as entry element Class reunions
Form subdivision Fiction.
9 (RLIN) 5695480
650 #0 - SUBJECT ADDED ENTRY--TOPICAL TERM
Topical term or geographic name as entry element Blizzards
Form subdivision Fiction.
9 (RLIN) 5685007
650 #0 - SUBJECT ADDED ENTRY--TOPICAL TERM
Topical term or geographic name as entry element Survival
Form subdivision Fiction.
9 (RLIN) 5673621
650 #7 - SUBJECT ADDED ENTRY--TOPICAL TERM
Topical term or geographic name as entry element FICTION / Crime.
Source of heading or term bisacsh
9 (RLIN) 5698906
650 #7 - SUBJECT ADDED ENTRY--TOPICAL TERM
Topical term or geographic name as entry element FICTION / Thrillers / Suspense.
Source of heading or term bisacsh
9 (RLIN) 5716084
650 #7 - SUBJECT ADDED ENTRY--TOPICAL TERM
Topical term or geographic name as entry element FICTION / Thrillers.
Source of heading or term bisacsh
9 (RLIN) 5679973
650 #7 - SUBJECT ADDED ENTRY--TOPICAL TERM
Topical term or geographic name as entry element Blizzards.
Source of heading or term fast
650 #7 - SUBJECT ADDED ENTRY--TOPICAL TERM
Topical term or geographic name as entry element Class reunions.
Source of heading or term fast
650 #7 - SUBJECT ADDED ENTRY--TOPICAL TERM
Topical term or geographic name as entry element Cold cases (Criminal investigation)
Source of heading or term fast
650 #7 - SUBJECT ADDED ENTRY--TOPICAL TERM
Topical term or geographic name as entry element Flowers, Virgil (Fictitious character)
Source of heading or term fast
9 (RLIN) 6429236
650 #7 - SUBJECT ADDED ENTRY--TOPICAL TERM
Topical term or geographic name as entry element Survival.
Source of heading or term fast
651 #0 - SUBJECT ADDED ENTRY--GEOGRAPHIC NAME
Geographic name Minnesota
Form subdivision Fiction.
9 (RLIN) 5674510
651 #7 - SUBJECT ADDED ENTRY--GEOGRAPHIC NAME
Geographic name Minnesota.
Source of heading or term fast
655 #7 - INDEX TERM--GENRE/FORM
Genre/form data or focus term Audiobooks.
Source of term fast
655 #7 - INDEX TERM--GENRE/FORM
Genre/form data or focus term Detective and mystery fiction.
Source of term fast
9 (RLIN) 5683641
655 #7 - INDEX TERM--GENRE/FORM
Genre/form data or focus term Fiction.
Source of term fast
9 (RLIN) 5673940
655 #7 - INDEX TERM--GENRE/FORM
Genre/form data or focus term Novels.
Source of term fast
655 #7 - INDEX TERM--GENRE/FORM
Genre/form data or focus term Suspense fiction.
Source of term fast
655 #7 - INDEX TERM--GENRE/FORM
Genre/form data or focus term Audiobooks.
Source of term lcgft
9 (RLIN) 6429237
655 #7 - INDEX TERM--GENRE/FORM
Genre/form data or focus term Thrillers (Fiction)
Source of term lcgft
9 (RLIN) 5697221
655 #7 - INDEX TERM--GENRE/FORM
Genre/form data or focus term Detective and mystery fiction.
Source of term lcgft
9 (RLIN) 5683641
655 #7 - INDEX TERM--GENRE/FORM
Genre/form data or focus term Novels.
Source of term lcgft
9 (RLIN) 6429238
690 ## - LOCAL SUBJECT ADDED ENTRY--TOPICAL TERM (OCLC, RLIN)
Topical term or geographic name as entry element Audiobooks on CD.
700 1# - ADDED ENTRY--PERSONAL NAME
Personal name Conger, Eric,
Relator term narrator.
9 (RLIN) 59029
787 0# - NONSPECIFIC RELATIONSHIP ENTRY
Note OCLC Work Id
Other item identifier http://worldcat.org/entity/work/id/4039182930
800 1# - SERIES ADDED ENTRY--PERSONAL NAME
Personal name Sandford, John,
Dates associated with a name 1944 February 23-
Title of a work Virgil Flowers novels.
Version Spoken word.
9 (RLIN) 6429182
942 ## - ADDED ENTRY ELEMENTS (KOHA)
Source of classification or shelving scheme Dewey Decimal Classification
Koha item type Audiobook on CD
Holdings
Withdrawn status Lost status Source of classification or shelving scheme Materials specified (bound volume or other part) Damaged status Not for loan Collection code Home library Current library Shelving location Date acquired Source of acquisition Cost, normal purchase price Total Checkouts Total Renewals Full call number Barcode Date last seen Date checked out Cost, replacement price Price effective from Koha item type
    Dewey Decimal Classification .CIRCNOTE. 8 discs     Audiobooks Wasatch County Library Wasatch County Library Second Floor 11/13/2017 Blackstone 45.00 9 4 CD San 34301001515941 08/05/2025 07/15/2025 45.00 03/20/2020 Audiobook on CD
This project was made possible through a grant from the Institute of Museum and Library Service administered by the Utah State Library Division.

Wasatch County Library

  • 465 East 1200 South, Heber City, Utah 84032
  • Phone 435-654-1511 | Fax 435-654-6456

Hours

  • Monday - Friday 9:30 AM - 8:00 PM
  • Saturday 9:30 AM - 1:30 PM
  • Closed Sundays and Holidays